000 00463nam a22001577a 4500
008 150326b xxu||||| |||| 00| 0 eng d
050 _aB29.S48
100 _aSellars, Wilfrid
_916663
245 _aPhilosophical Perspectives
_cWifrid Sellars
260 _aIllinois
_bCharles C. Thomas
_c1967
300 _avii, 424p. ;
_c24cm.
440 _aAmerican lecture series
_916664
650 _aPhilosophy
_916665
650 _aRealism
_911315
942 _2lcc
_cMONOGRAPH
999 _c122520
_d122520